Luis González Palma / (Record no. 889)
[ view plain ]
| 000 -LEADER | |
|---|---|
| campo de control de longitud fija | 01400cam a2200313 a 4500 |
| 001 - NÚMERO DE CONTROL | |
| campo de control | 1622128 |
| 005 - FECHA Y HORA DE LA ÚLTIMA TRANSACCIÓN | |
| campo de control | 20220326193345.0 |
| 008 - DATOS DE LONGITUD FIJA--INFORMACIÓN GENERAL | |
| campo de control de longitud fija | 940121s1993 ag a b 000 0dspa d |
| 010 ## - NÚMERO DE CONTROL DE LA BIBLIOTECA DEL CONGRESO | |
| Número de control de LC | 95135974 |
| 020 ## - NÚMERO INTERNACIONAL ESTÁNDAR DEL LIBRO | |
| Número Internacional Estándar del Libro | 9509536164 |
| 035 ## - NÚMERO DE CONTROL DEL SISTEMA | |
| Número de control de sistema | (OCoLC)29664420 |
| 040 ## - FUENTE DE CATALOGACIÓN | |
| Centro catalogador/agencia de origen | NRNC |
| Centro/agencia transcriptor | NRNC |
| Centro/agencia modificador | CU-S |
| -- | DLC |
| 041 0# - CÓDIGO DE IDIOMA | |
| Código de lengua del texto/banda sonora o título independiente | spaeng |
| 042 ## - CÓDIGO DE AUTENTICACIÓN | |
| Código de autenticación | lccopycat |
| 082 00 - NÚMERO DE LA CLASIFICACIÓN DECIMAL DEWEY | |
| Número de clasificación | 779.209.2 |
| Número de ítem | P171l |
| 100 2# - ENTRADA PRINCIPAL--NOMBRE DE PERSONA | |
| Nombre de persona | González Palma, Luis, |
| Fechas asociadas al nombre | 1957- |
| 9 (RLIN) | 4898 |
| 245 10 - MENCIÓN DEL TÍTULO | |
| Título | Luis González Palma / |
| Mención de responsabilidad, etc. | introducción, María Christina Orive ; [edición de Sara Facio]. |
| 260 ## - PUBLICACIÓN, DISTRIBUCIÓN, ETC. | |
| Lugar de publicación, distribución, etc. | Buenos Aires : |
| Nombre del editor, distribuidor, etc. | Azotea Editorial Fotográfica, |
| Fecha de publicación, distribución, etc. | c1993. |
| 300 ## - DESCRIPCIÓN FÍSICA | |
| Extensión | 82 p. : |
| Otras características físicas | chiefly ill. (some col.) ; |
| Dimensiones | 23 x 25 cm. |
| 490 0# - MENCIÓN DE SERIE | |
| Mención de serie | Colección del sol |
| 504 ## - NOTA DE BIBLIOGRAFÍA, ETC. | |
| Nota de bibliografía, etc. | Includes bibliographical references (p. 76-77). |
| 520 1# - RESUMEN, ETC. | |
| Sumario, etc. | "First book from Azotea Editorial Fotográfica introduces work of González Palma in a bilingual edition. Orive presents the art of this Guatemalan architect and artist, whose work is focused on installations using photographic images and collages"--Handbook of Latin American Studies, v. 58. |
| Identificador Uniforme de Recursos | <a href="http://www.loc.gov/hlas/">http://www.loc.gov/hlas/</a> |
| 546 ## - NOTA DE IDIOMA | |
| Nota de lengua/lenguaje | Spanish and English. |
| 600 20 - PUNTO DE ACCESO ADICIONAL DE MATERIA--NOMBRE DE PERSONA | |
| Nombre de persona | González Palma, Luis, |
| Fechas asociadas al nombre | 1957- |
| 9 (RLIN) | 4899 |
| 650 #0 - PUNTO DE ACCESO ADICIONAL DE MATERIA--TÉRMINO DE MATERIA | |
| Término de materia o nombre geográfico como elemento de entrada | Photography, Artistic. |
| 9 (RLIN) | 2823 |
| 700 1# - ENTRADA AGREGADA--NOMBRE PERSONAL | |
| Nombre de persona | Facio, Sara. |
| 9 (RLIN) | 4900 |
| 906 ## - ELEMENTOS DE DATOS F LOCAL, LDF (RLIN) | |
| a | 7 |
| b | cbc |
| c | copycat |
| d | 2 |
| e | ncip |
| f | 19 |
| g | y-gencatlg |
| Estatus retirado | Estado de pérdida | Fuente del sistema de clasificación o colocación | Estado de daño | No para préstamo | Biblioteca de origen | Biblioteca actual | Ubicación en estantería | Fecha de adquisición | Total de préstamos | Signatura topográfica completa | Código de barras | Visto por última vez | Precio de reemplazo | Tipo de ítem Koha |
|---|---|---|---|---|---|---|---|---|---|---|---|---|---|---|
| Clasificación Decimal Dewey | Biblioteca LadoV | Biblioteca LadoV | 22/04/2016 | 779.209.2 P171l | 000798 | 22/04/2016 | 22/04/2016 | Material 01 |
